000 00266nam a22001217a 4500
008 170710b xxu||||| |||| 00| 0 eng d
041 _ager
080 _a030
100 _a23
101 _aENC
245 _aNEU ENZYKLOPADIE DES WISSENS
_cVERLAG,W
942 _2udc
_cBK
999 _c20182
_d20182